| 000 | 00929cab a2200265 4500 | ||
|---|---|---|---|
| 001 | ABS53483 | ||
| 008 | 090401t1995 xxu||||| |||| 00| 0 eng d | ||
| 035 | _a(Sirsi) u4604 | ||
| 041 | _aeng | ||
| 100 | _aTewdwr-Jones, M. | ||
| 245 | _aWelsh planning policy embarks on a new era | ||
| 260 | _c1995 | ||
| 350 | _a0 | ||
| 490 |
_aPlanning (for the Natural and Built Environment) _v(1132) 18 August 1995, 20-21(2) |
||
| 520 | _aTwo draft planning policy guidance notes have been issued by the Welsh Office, differing in a number of key respects from their English counterparts. Highlights the main changes and the impact that these will have. | ||
| 650 | _aDRAFT PLANNING POLICY GUIDANCE NOTES | ||
| 650 | _aLOCAL AUTHORITIES | ||
| 650 | _aPLANNING POLICY GUIDANCE NOTES | ||
| 650 | _aPPG | ||
| 650 | _aWALES | ||
| 650 | _aWELSH OFFICE | ||
| 690 | _aPLANNING LAW AND PRACTICE | ||
| 942 | _n0 | ||
| 948 | _c04/03/1997 | ||
| 999 |
_c2787 _d2787 |
||